Text book of surveying (Record no. 9715)

000 -LEADER
fixed length control field 00462nam a2200193 4500
001 - CONTROL NUMBER
control field 9715
003 - CONTROL NUMBER IDENTIFIER
control field BD-DhUET
008 - FIXED-LENGTH DATA ELEMENTS--GENERAL INFORMATION
fixed length control field 150201b xxu||||| |||| 00| 0 eng d
040 ## - CATALOGING SOURCE
Original cataloging agency DLC
Transcribing agency DLC
Modifying agency BD-DhUET
082 ## - DEWEY DECIMAL CLASSIFICATION NUMBER
Classification number 526.9
Item number SHA/1982
100 ## - MAIN ENTRY--PERSONAL NAME
Personal name Shajahan, M.
245 ## - TITLE STATEMENT
Title Text book of surveying
250 ## - EDITION STATEMENT
Edition statement 1st ed.
260 ## - PUBLICATION, DISTRIBUTION, ETC. (IMPRINT)
Place of publication, distribution, etc. Dacca
Name of publisher, distributor, etc. Kazi Mahfuzur Rahman
Date of publication, distribution, etc. 1982
300 ## - PHYSICAL DESCRIPTION
Extent x, 367p.
Other physical details ill.
650 #0 - SUBJECT ADDED ENTRY--TOPICAL TERM
Topical term or geographic name as entry element Surveying
700 ## - ADDED ENTRY--PERSONAL NAME
Personal name Aziz, M. A.
942 ## - ADDED ENTRY ELEMENTS (KOHA)
Koha item type General Book
Holdings
Damaged status Date acquired Koha date last seen Piece designation (barcode) Location (home branch) Source of classification or shelving scheme Copy number Not for loan Price effective from Koha issues (times borrowed) Withdrawn status Koha date last borrowed Sublocation or collection (holding branch) Koha full call number Lost status Koha item type Shelving location Koha normalized classification for sorting Koha out on loan
 2015-02-012025-12-0256198 Central Library, BUET 1 2015-02-017 2024-11-19Central Library, BUET526.9/SHA/1982 General BookCirculation section526_900000000000000_SHA_1982 
 2015-03-242024-11-1956200Central Library, BUET 2 2015-03-248 2024-11-19Central Library, BUET526.9/SHA/1982 General BookCirculation section526_900000000000000_SHA_19822024-12-03
 2015-06-082015-06-0856191Central Library, BUET 3 2015-06-08   Central Library, BUET526.9/SHA/1982 Reading ItemReading section526_900000000000000_SHA_1982 
 2015-06-082015-06-0856195Central Library, BUET 4 2015-06-08   Central Library, BUET526.9/SHA/1982 Reading ItemReading section526_900000000000000_SHA_1982 
 2015-06-092015-06-0956192Central Library, BUET 5 2015-06-09   Central Library, BUET526.9/SHA/1982 Reading ItemReading section526_900000000000000_SHA_1982 
 2015-06-132015-06-1356194Central Library, BUET 6 2015-06-13   Central Library, BUET526.9/SHA/1982 Reading ItemReading section526_900000000000000_SHA_1982